Nennen Sie die 32 Fluggesellschaften in Europa 2023 - Statistiken

Allgemein
  • Dieses Quiz wurde 175 mal gespielt
    46 seit der letzten Aktualisierung
  • Das Durchschnittsergebnis liegt bei 11 aus 32
Antwortstatistiken
Antwort % Korrekt
Lufthansa
98%
British Airways
85%
Air France
83%
Ryanair
80%
KLM
76%
Eurowings
68%
Iberia
63%
LOT
61%
TAP
59%
Austrian Airlines
49%
Easyjet
49%
Wizz Air.
39%
Aer Lingus
32%
Air Baltic
32%
Alitalia
29%
Finnair
29%
Norwegian
29%
Brussels Airlines
24%
Luxair
22%
Aegean Airlines
20%
Scandinavian Airlines
20%
TAROM
20%
Air Malta
17%
Croatia Airlines
15%
Transavia
12%
Czech Airlines
10%
Corendon
7%
Adria Airways
5%
Bulgaria Air
5%
Cyprus Airways
0%
Nordica
0%
Slovak Airlines
0%
Keine übereinstimmenden Quizze gefunden
Verteilung der Resultate
Anzahl Personen mit jedem Resultat
Perzentil nach korrekt beantworteten Fragen
Ihre Resultats-Entwicklung
Sie haben dieses Quiz seit der letzten Aktualisierung nicht gespielt